| 000 | 00000cam 2200000zi 4500 |
| 001 | 9.962840 |
| 003 | CaOODSP |
| 005 | 20260515110625 |
| 006 | m o d f |
| 007 | cr mn||||||||| |
| 008 | 260515s1984 onc ob f000 0 eng d |
| 040 | |aCaOODSP|beng|erda|cCaOODSP |
| 043 | |an-cn--- |
| 086 | 1 |aJS4-1/1984-89E-PDF |
| 100 | 1 |aBillingsley, Brenda, |eauthor. |
| 245 | 10|aAlternative strategies to influence pentientiary population / |cBrenda Billingsley and Robert G. Hann. |
| 264 | 1|a[Ottawa] : |bSolicitor General Canada, Ministry Secretariat, |c1984. |
| 300 | |a1 online resource (1 volume (various pagings)). |
| 336 | |atext|btxt|2rdacontent |
| 337 | |acomputer|bc|2rdamedia |
| 338 | |aonline resource|bcr|2rdacarrier |
| 490 | 1 |aUser report ; |vno. 1984-89 |
| 500 | |aDigitized edition from print [produced by Public Safety Canada]. |
| 500 | |aIssued also in French under title: Une gamme d'options stratégiques destinées à influencer l'importance des populations pénitentiaires. |
| 500 | |a"This working paper was prepared under contract for the Research Division and is made available as submitted to the Ministry. The views expressed are those of the authors and are not necessarily those of the Ministry of the Solicitor General of Canada." |
| 504 | |aIncludes bibliographical references. |
| 520 | |a"This report is intended as a descriptive catalogue of strategies to influence the size of penitentiary populations"--Purpose, page [1]. |
| 650 | 0|aPrisons|xOvercrowding|zCanada. |
| 650 | 0|aSentences (Criminal procedure)|zCanada. |
| 650 | 0|aParole|zCanada. |
| 710 | 1 |aCanada. |bSolicitor General Canada, |eissuing body. |
| 775 | 08|tUne gamme d'options stratégiques destinées à influencer l'importance des populations pénitentiaires / |w(CaOODSP)9.962843 |
| 830 | #0|aUser report (Canada. Solicitor General Canada)|vno. 1984-89.|w(CaOODSP)9.808480 |
| 856 | 40|qPDF|s4.16 MB|uhttps://publications.gc.ca/collections/collection_2026/sp-ps/js4-1/JS4-1-1984-89-eng.pdf |